[Event "Bad Woerishofen op"]
[Site "?"]
[Date "2008.03.04"]
[Round "6"]
[White "Lang, Ludwig"]
[Black "Gerhards, Walter"]
[Result "0-1"]
[WhiteElo "1521"]
[BlackElo "1959"]
[PlyCount "56"]
[EventDate "2008.??.??"]
 
1. d4 Nf6 2. c4 e5 3. d5 Bc5 4. e3 O-O 5. Nc3 a5 6. e4 d6 7. Be2 Ne8 8. Nf3 f5
9. Bg5 Nf6 10. Bxf6 Qxf6 11. Qd2 Bb4 12. Qg5 fxe4 13. Qxf6 Rxf6 14. Nd2 Bf5 15.
O-O-O Bxc3 16. bxc3 Nd7 17. f3 Nc5 18. Rhf1 Raf8 19. fxe4 Nxe4 20. Nxe4 Bxe4
21. Rxf6 Rxf6 22. g3 Rf2 23. Bg4 Rxa2 24. Rf1 Ra1+ 25. Kd2 Rxf1 26. Be6+ Kf8
27. Ke2 Rf3 28. Bg4 Rxc3 0-1

[Event "Bad Woerishofen sen"]
[Site "?"]
[Date "2008.03.04"]
[Round "6"]
[White "Ljubarskij, Juri"]
[Black "Straub, Peter"]
[Result "1/2-1/2"]
[WhiteElo "2317"]
[BlackElo "2137"]
[PlyCount "41"]
[EventDate "2008.??.??"]
 
1. e4 c5 2. Nf3 e6 3. d4 cxd4 4. Nxd4 a6 5. Bd3 Nf6 6. O-O d6 7. Nc3 Be7 8. Be3
O-O 9. f4 Qc7 10. Qf3 Nc6 11. Nde2 b5 12. Ng3 Bb7 13. a4 b4 14. Nce2 d5 15. e5
Nd7 16. Qh5 g6 17. Qh6 Rfe8 18. Nh5 Bf8 19. Qg5 Be7 20. Qh6 Bf8 21. Qg5 1/2-1/2

[Event "Bad Woerishofen sen"]
[Site "?"]
[Date "2008.03.04"]
[Round "6"]
[White "Weigel, Herbert"]
[Black "Zunker, Reinhard Dr"]
[Result "1/2-1/2"]
[WhiteElo "2135"]
[BlackElo "2251"]
[PlyCount "36"]
[EventDate "2008.??.??"]
 
1. e4 c5 2. Nf3 d6 3. d4 Nf6 4. Nc3 cxd4 5. Nxd4 e5 6. Nb3 Be6 7. Bg5 Be7 8.
Qd2 a6 9. O-O-O Nbd7 10. g3 b5 11. Bxf6 Nxf6 12. Bg2 Qb6 13. f4 b4 14. Nd5 Bxd5
15. exd5 Nd7 16. fxe5 Nxe5 17. Nd4 Bf6 18. Rhf1 h6 1/2-1/2

[Event "Bad Woerishofen sen"]
[Site "?"]
[Date "2008.03.04"]
[Round "6"]
[White "Weyrauch, Erich"]
[Black "Goy, Udo"]
[Result "0-1"]
[WhiteElo "2130"]
[BlackElo "2282"]
[PlyCount "116"]
[EventDate "2008.??.??"]
 
1. d4 Nf6 2. c4 e6 3. Nc3 Bb4 4. Qc2 c5 5. a3 Bxc3+ 6. bxc3 d6 7. Nf3 Nc6 8. e3
O-O 9. Bd3 e5 10. O-O Re8 11. Nd2 h6 12. Bb2 Qe7 13. d5 Na5 14. f3 b6 15. Rf2
Bd7 16. Raf1 Rab8 17. e4 a6 18. Bc1 Rf8 19. Re1 Qe8 20. Qd1 Ba4 21. Bc2 Bxc2
22. Qxc2 b5 23. cxb5 axb5 24. Qd3 c4 25. Qe2 Nd7 26. f4 exf4 27. Rxf4 Ne5 28.
Ref1 Nd3 29. Rf5 Nb7 30. Nf3 Nxc1 31. Rxc1 f6 32. Nd4 Nc5 33. Rd1 Qd7 34. Qf3
Ra8 35. Rb1 Rfe8 36. Rxb5 Rxa3 37. h3 Rxe4 38. Rxc5 Re1+ 39. Kf2 dxc5 40. Kxe1
cxd4 41. Qe4 Rxc3 42. Qxd4 Qxf5 43. Qxc3 Qxd5 44. Kf2 Kf7 45. Qb4 Qd3 46. Qb5
Qd4+ 47. Kf3 c3 48. Qb7+ Kg6 49. Qb1+ f5 50. Kg3 Qe5+ 51. Kf2 Qc5+ 52. Ke2 c2
53. Qc1 Qc3 54. g4 Qc4+ 55. Kf2 Qd4+ 56. Kg3 f4+ 57. Kg2 Qe4+ 58. Kh2 Qe2+ 0-1

[Event "Bad Woerishofen sen"]
[Site "?"]
[Date "2008.03.04"]
[Round "6"]
[White "Neese, Hans-Joachim"]
[Black "Rahn, Oskar"]
[Result "1/2-1/2"]
[WhiteElo "2306"]
[BlackElo "2107"]
[PlyCount "138"]
[EventDate "2008.??.??"]
 
1. d4 Nf6 2. c4 e6 3. Nc3 d5 4. Nf3 Be7 5. Bf4 O-O 6. e3 Nbd7 7. cxd5 Nxd5 8.
Nxd5 exd5 9. Bd3 Nf6 10. O-O Bg4 11. h3 Bh5 12. Qc2 Rc8 13. Ne5 Bg6 14. Nxg6
hxg6 15. Qb3 Rb8 16. Rac1 Bd6 17. Bg5 Qd7 18. Kh1 c6 19. Bxf6 gxf6 20. Qd1 Kg7
21. g4 Rh8 22. Kg2 Qe7 23. Rh1 Rh4 24. Qf3 Rbh8 25. Rcg1 Bc7 26. Qe2 Re8 27. a3
Bd6 28. Re1 g5 29. Qf3 Bc7 30. Re2 Qd6 31. Bf5 Rh6 32. e4 dxe4 33. Rxe4 Rxe4
34. Qxe4 Rh8 35. Qd3 Rd8 36. Qb3 Qd5+ 37. Qxd5 Rxd5 38. Bc8 Rxd4 39. Bxb7 Rd2
40. Bxc6 Bb6 41. Rf1 Rxb2 42. a4 Ra2 43. Kf3 Ra3+ 44. Kg2 Ra2 45. Bb5 Bc5 46.
Bd7 Bb6 47. Bc6 Bd4 48. Kf3 Ra1 49. Rxa1 Bxa1 50. Ke4 Kf8 51. f4 Ke7 52. Kf5
gxf4 53. Kxf4 Bc3 54. Bd5 Be1 55. Ke3 Bh4 56. Kd4 Bf2+ 57. Kc4 f5 58. gxf5 Kf6
59. Be4 Kg5 60. Kd5 f6 61. Bd3 Be1 62. Ke4 Bf2 63. Kf3 Be1 64. Kg2 Kf4 65. Bc2
Bh4 66. Bb1 Bg3 67. Bd3 Bh4 68. a5 Be1 69. a6 Bh4 1/2-1/2

[Event "Bad Woerishofen sen"]
[Site "?"]
[Date "2008.03.04"]
[Round "6"]
[White "Ziltener, Werner"]
[Black "Budt, Karl-Heinz"]
[Result "0-1"]
[WhiteElo "2115"]
[BlackElo "2143"]
[PlyCount "76"]
[EventDate "2008.??.??"]
 
1. d4 d5 2. Nf3 e6 3. c4 c6 4. Nc3 dxc4 5. a4 Bb4 6. e3 b5 7. Bd2 a5 8. axb5
Bxc3 9. Bxc3 cxb5 10. b3 Bb7 11. bxc4 b4 12. Bb2 Nf6 13. Bd3 O-O 14. O-O Nbd7
15. Qc2 Qc7 16. e4 e5 17. h3 exd4 18. Nxd4 Nc5 19. Nb5 Qd8 20. Rfd1 Nxd3 21.
Rxd3 Bxe4 22. Rxd8 Bxc2 23. Rd2 Bb3 24. Rd4 Rfc8 25. Nd6 Rd8 26. c5 Be6 27. Rc1
Ne8 28. Nb5 Rxd4 29. Nxd4 a4 30. Nxe6 fxe6 31. Rc4 a3 32. Rxb4 axb2 33. Rb3 Rc8
34. Rb5 Kf7 35. Kf1 Rc6 36. Ke2 Nc7 37. Ra5 e5 38. Kd3 Ra6 0-1

[Event "Bad Woerishofen sen"]
[Site "?"]
[Date "2008.03.04"]
[Round "6"]
[White "Minz, Michael"]
[Black "Klempt, Guenter"]
[Result "1/2-1/2"]
[WhiteElo "2178"]
[BlackElo "2060"]
[PlyCount "189"]
[EventDate "2008.??.??"]
 
1. e4 c5 2. Nc3 Nc6 3. g3 g6 4. Bg2 Bg7 5. d3 a6 6. Be3 d6 7. Qd2 e6 8. Nd1
Nge7 9. Bh6 Bxh6 10. Qxh6 Ng8 11. Qd2 Nf6 12. f4 O-O 13. Nf3 Rb8 14. O-O Bd7
15. Nh4 Ne8 16. Ne3 f5 17. exf5 exf5 18. Nd5 Nf6 19. Rfe1 Nxd5 20. Bxd5+ Kg7
21. c3 Qf6 22. Ng2 Rfe8 23. Kf2 Re7 24. Re3 Rxe3 25. Nxe3 Re8 26. Re1 Kf8 27.
a3 Nd8 28. Bf3 Bc6 29. Bxc6 Nxc6 30. Qd1 Qf7 31. Qf3 Qg8 32. Re2 Qf7 33. h4 h5
34. Qh1 Re7 35. Nd5 Rxe2+ 36. Kxe2 Qe6+ 37. Kd2 Ne7 38. Nxe7 Qxe7 39. Qd5 Kg7
40. d4 Qc7 41. dxc5 dxc5 42. c4 Kf6 43. Kc2 Ke7 44. b4 cxb4 45. axb4 Qd7 46.
Qe5+ Kf7 47. Kc3 Qc6 48. c5 b6 49. Kd4 bxc5+ 50. Qxc5 Qe4+ 51. Kc3 Qf3+ 52. Kb2
Qd3 53. Qe5 Qb5 54. Qc7+ Kf6 55. Kc3 Ke6 56. Qc8+ Ke7 57. Qa8 Qb6 58. Kb3 Kd6
59. Qf8+ Kd5 60. Qg8+ Ke4 61. Qc4+ Kf3 62. Qc5 Qe6+ 63. Kc3 Kxg3 64. Qe5 Qc6+
65. Kb3 Kxh4 66. Qe7+ Kg4 67. Qg5+ Kh3 68. Ka3 Qb6 69. Qe7 Kg4 70. Qg5+ Kf3 71.
Ka4 Qc6+ 72. Kb3 Qe6+ 73. Ka3 Qe3+ 74. Ka4 Qxf4 75. Qxg6 h4 76. Qxa6 h3 77.
Qf1+ Kg4 78. Qg1+ Qg3 79. Qd4+ f4 80. Qg7+ Kf3 81. Qc3+ Kg2 82. Qc2+ Qf2 83.
Qg6+ Kh1 84. Qb1+ Kh2 85. b5 Qa7+ 86. Kb4 f3 87. Qe4 f2 88. Qf4+ Kg2 89. Qg4+
Kf1 90. Qxh3+ Ke1 91. Qc3+ Kf1 92. Qd3+ Kg2 93. Qe4+ Kg3 94. Qe5+ Kg4 95. Qe4+
1/2-1/2

[Event "Bad Woerishofen sen"]
[Site "?"]
[Date "2008.03.04"]
[Round "6"]
[White "Ganslmayer, Herbert"]
[Black "Baum, Bernd Dr"]
[Result "0-1"]
[WhiteElo "2003"]
[BlackElo "2204"]
[PlyCount "90"]
[EventDate "2008.??.??"]
 
1. g3 e5 2. d3 d5 3. Bg2 Nc6 4. c3 g6 5. Qc2 Bg7 6. Nf3 Nge7 7. e4 a5 8. a4 h6
9. O-O O-O 10. h3 Be6 11. Kh2 f5 12. Nbd2 g5 13. Ng1 Qd7 14. Ndf3 Ng6 15. Qe2
Rad8 16. Be3 g4 17. Nh4 Nxh4 18. gxh4 f4 19. exd5 Bxd5 20. Bxd5+ Qxd5 21. c4
Qd6 22. Bd2 gxh3 23. Qg4 Qxd3 24. Qe6+ Kh8 25. Bc3 Rd6 26. Qxh3 Qxc4 27. Rad1
Rfd8 28. Rxd6 cxd6 29. Nf3 Qf7 30. Rg1 d5 31. Ng5 hxg5 32. hxg5+ Kg8 33. g6 Qf6
34. Qh5 d4 35. Rg5 Rd6 36. Bd2 b6 37. Qh7+ Kf8 38. Qh5 Ke8 39. Qg4 Qe6 40. Qh5
Qe7 41. Qg4 Kd8 42. b4 axb4 43. Qg2 Kc7 44. Rh5 b3 45. a5 bxa5 0-1

[Event "Bad Woerishofen sen"]
[Site "?"]
[Date "2008.03.04"]
[Round "6"]
[White "Delander, Adolf"]
[Black "Dinser, Hans"]
[Result "1-0"]
[WhiteElo "2050"]
[BlackElo "1895"]
[PlyCount "57"]
[EventDate "2008.??.??"]
 
1. d4 d5 2. Nf3 Nf6 3. c4 e6 4. e3 g6 5. Nbd2 c6 6. Qc2 Nbd7 7. Be2 Qc7 8. O-O
Be7 9. e4 dxe4 10. Nxe4 Nxe4 11. Qxe4 Nf6 12. Qc2 Ng4 13. h3 Bd6 14. hxg4 Bf4
15. Qe4 Bxc1 16. Raxc1 O-O 17. Qe5 Qe7 18. c5 f6 19. Qg3 f5 20. gxf5 Rxf5 21.
Bd3 Rf6 22. Ne5 Kg7 23. Ng4 Rf8 24. Qe5+ Kf7 25. Rc3 Bd7 26. Be4 Ke8 27. Rf3
Rxf3 28. Bxf3 Qf8 29. Re1 1-0

[Event "Bad Woerishofen sen"]
[Site "?"]
[Date "2008.03.04"]
[Round "6"]
[White "Liszka, Guenter"]
[Black "Oser, Thor"]
[Result "1-0"]
[WhiteElo "1973"]
[BlackElo "1869"]
[PlyCount "25"]
[EventDate "2008.??.??"]
 
1. e4 c6 2. d4 d5 3. Nc3 dxe4 4. Nxe4 Bf5 5. Ng3 Bg6 6. Bc4 e6 7. N1e2 h6 8.
O-O Nf6 9. f4 Bd6 10. f5 exf5 11. Nxf5 Bc7 12. Nxg7+ Kf8 13. Nf5 1-0

[Event "Bad Woerishofen op"]
[Site "?"]
[Date "2008.03.05"]
[Round "7"]
[White "Iotov, Valentin"]
[Black "Borovikov, Vladislav"]
[Result "1/2-1/2"]
[WhiteElo "2495"]
[BlackElo "2583"]
[PlyCount "49"]
[EventDate "2008.??.??"]
 
1. d4 d5 2. Nf3 Nf6 3. c4 c6 4. Nc3 a6 5. c5 Nbd7 6. Bf4 Nh5 7. Bd2 Nhf6 8. Bf4
Nh5 9. Bd2 Nhf6 10. h3 Ne4 11. Bf4 b6 12. cxb6 Qxb6 13. Qb3 e6 14. Nxe4 Qxb3
15. axb3 dxe4 16. Nd2 Bb4 17. e3 a5 18. Bc4 Bb7 19. O-O-O Nf6 20. Be5 c5 21.
Nb1 cxd4 22. Bxd4 Ke7 23. Nc3 Bc6 24. Na4 Nd7 25. Kb1 1/2-1/2

[Event "Bad Woerishofen op"]
[Site "?"]
[Date "2008.03.05"]
[Round "7"]
[White "Teske, Henrik"]
[Black "Epishin, Vladimir"]
[Result "1/2-1/2"]
[WhiteElo "2493"]
[BlackElo "2577"]
[PlyCount "35"]
[EventDate "2008.??.??"]
 
1. d4 d5 2. Nf3 Nf6 3. c4 e6 4. Nc3 Nbd7 5. Bf4 Bb4 6. e3 c5 7. Bd3 dxc4 8.
Bxc4 Nb6 9. Qb3 Bxc3+ 10. Qxc3 cxd4 11. Bb5+ Bd7 12. Bxd7+ Nbxd7 13. Qxd4 Qa5+
14. Qd2 Qa6 15. Qe2 Qa5+ 16. Qd2 Qa6 17. Qe2 Qa5+ 18. Qd2 1/2-1/2

[Event "Bad Woerishofen op"]
[Site "?"]
[Date "2008.03.05"]
[Round "7"]
[White "Skembris, Spyridon"]
[Black "Zdebskaja, Natalia"]
[Result "1/2-1/2"]
[WhiteElo "2469"]
[BlackElo "2313"]
[PlyCount "43"]
[EventDate "2008.??.??"]
 
1. d4 Nf6 2. c4 e6 3. Nf3 d5 4. g3 dxc4 5. Qa4+ c6 6. Qxc4 b5 7. Qb3 Bb7 8. Bg2
Nbd7 9. O-O a6 10. a4 c5 11. axb5 Bd5 12. Qc2 Be4 13. Qd1 axb5 14. Rxa8 Qxa8
15. Bg5 cxd4 16. Bxf6 Nxf6 17. Qxd4 Be7 18. Nbd2 Bc6 19. Rc1 O-O 20. Qb6 Bd5
21. Qxb5 Rb8 22. Qd3 1/2-1/2

[Event "Bad Woerishofen op"]
[Site "?"]
[Date "2008.03.05"]
[Round "7"]
[White "Lupor, Andre"]
[Black "Galdunts, Sergey"]
[Result "1-0"]
[WhiteElo "2308"]
[BlackElo "2483"]
[PlyCount "41"]
[EventDate "2008.??.??"]
 
1. d4 d5 2. c4 e6 3. Nf3 c5 4. cxd5 exd5 5. Nc3 Nc6 6. g3 Nf6 7. Bg2 Be7 8. O-O
O-O 9. Bg5 cxd4 10. Nxd4 h6 11. Be3 Re8 12. Rc1 Bf8 13. Na4 Qa5 14. Nxc6 bxc6
15. Rxc6 Bd7 16. Bd2 Qd8 17. Rc1 Bxa4 18. Qxa4 Rxe2 19. Bc3 Ne4 20. Bd4 Qg5 21.
Bf3 1-0

[Event "Bad Woerishofen op"]
[Site "?"]
[Date "2008.03.05"]
[Round "7"]
[White "Knitl, Anton"]
[Black "Pirrot, Dieter"]
[Result "0-1"]
[WhiteElo "2215"]
[BlackElo "2429"]
[PlyCount "118"]
[EventDate "2008.??.??"]
 
1. d4 f5 2. g3 Nf6 3. Bg2 e6 4. Nf3 d6 5. c4 Be7 6. Nc3 O-O 7. O-O a5 8. b3 Ne4
9. Bb2 Nxc3 10. Bxc3 Qe8 11. Re1 Qh5 12. e4 f4 13. e5 d5 14. Nd2 Qf7 15. Qf3
Nc6 16. Re2 Nb4 17. a3 Nc2 18. Ra2 Nxa3 19. Qd3 a4 20. Bb2 Qg6 21. Qxg6 hxg6
22. cxd5 axb3 23. Nxb3 f3 24. Re1 fxg2 25. d6 cxd6 26. Rxa3 Bd7 27. exd6 Bxd6
28. Nc5 Bxc5 29. dxc5 Rxa3 30. Bxa3 Ra8 31. Bb2 Ra2 32. Bd4 Bc6 33. Rxe6 Rd2
34. Rxc6 bxc6 35. Be3 Rc2 36. Kxg2 Kf7 37. Kf3 Rc4 38. Ke2 Ke6 39. Kd3 Kd5 40.
h4 Ra4 41. Kc3 Ra3+ 42. Kd2 Ke4 43. Ke2 Ra2+ 44. Kf1 Kf3 45. Kg1 Ra1+ 46. Kh2
Rd1 47. Bf4 Kxf2 48. Be5 Rd7 49. Kh3 Kf3 50. Bd6 Rb7 51. Be5 Rb1 52. Kh2 Rc1
53. Bd6 Kg4 54. Kg2 Rc2+ 55. Kf1 g5 56. hxg5 Kxg5 57. Ke1 Kf5 58. Kd1 Ra2 59.
Ke1 g5 0-1

[Event "Bad Woerishofen op"]
[Site "?"]
[Date "2008.03.05"]
[Round "7"]
[White "Wohl, Alexander"]
[Black "Fischer, Thomas"]
[Result "1-0"]
[WhiteElo "2418"]
[BlackElo "2205"]
[PlyCount "83"]
[EventDate "2008.??.??"]
 
1. Nf3 f5 2. d3 d6 3. e4 e5 4. Nc3 Nf6 5. exf5 Bxf5 6. d4 e4 7. Nh4 Bg4 8. Be2
Be6 9. d5 Bd7 10. Bh5+ g6 11. Nxg6 hxg6 12. Bxg6+ Ke7 13. Bg5 Bh6 14. Qh5 Bxg5
15. Qxg5 Qf8 16. Nxe4 Qg7 17. O-O Rh6 18. Qxf6+ Qxf6 19. Nxf6 Rxg6 20. Ne4 Na6
21. Rfe1 Rag8 22. g3 Kd8 23. a3 Nc5 24. Nc3 Bf5 25. Rac1 Nd7 26. Nb5 Ne5 27.
Nd4 Bd7 28. f4 Ng4 29. Re2 c5 30. dxc6 bxc6 31. Rd1 c5 32. Nf3 Re8 33. Rxe8+
Kxe8 34. h3 Nh6 35. Kh2 Nf7 36. g4 Bxg4 37. hxg4 Rxg4 38. Re1+ Kd7 39. Re4 d5
40. Ra4 d4 41. Rxa7+ Ke6 42. Rxf7 1-0

[Event "Bad Woerishofen op"]
[Site "?"]
[Date "2008.03.05"]
[Round "7"]
[White "Bronznik, Valeri"]
[Black "Rolle, Eric"]
[Result "1/2-1/2"]
[WhiteElo "2377"]
[BlackElo "2213"]
[PlyCount "59"]
[EventDate "2008.??.??"]
 
1. d4 Nf6 2. c4 d6 3. Nf3 g6 4. Nc3 Nbd7 5. Bg5 Bg7 6. e4 h6 7. Be3 O-O 8. h3
e5 9. d5 Nc5 10. Nd2 a5 11. g4 Qe8 12. Be2 Bd7 13. h4 Qc8 14. Rg1 Nh7 15. Nb3
b6 16. Nd2 Kh8 17. g5 hxg5 18. hxg5 f5 19. gxf6 Rxf6 20. Qc2 Qf8 21. Rh1 g5 22.
O-O-O Rh6 23. Rhg1 Qf6 24. Bg4 Bxg4 25. Rxg4 Rh4 26. Bxg5 Qxg5 27. Rxg5 Nxg5
28. f3 Rh2 29. Rf1 Bh6 30. f4 1/2-1/2

[Event "Bad Woerishofen op"]
[Site "?"]
[Date "2008.03.05"]
[Round "7"]
[White "Kugelmann, Werner"]
[Black "Anistratov, Dimitrij"]
[Result "0-1"]
[WhiteElo "2213"]
[BlackElo "2376"]
[PlyCount "80"]
[EventDate "2008.??.??"]
 
1. e4 d6 2. d4 Nf6 3. Nc3 e5 4. dxe5 dxe5 5. Qxd8+ Kxd8 6. Bg5 Be6 7. O-O-O+
Nbd7 8. f3 Bc5 9. Nd5 Kc8 10. Kb1 c6 11. Nxf6 Nxf6 12. Ne2 Kc7 13. Ng3 h6 14.
Bc1 h5 15. Be2 h4 16. Nf1 Nh5 17. Be3 Bxe3 18. Nxe3 Nf4 19. Bc4 Nxg2 20. Bxe6
Nxe3 21. Rd7+ Kb6 22. Bxf7 Rad8 23. Rxd8 Rxd8 24. Kc1 Rf8 25. Bh5 g6 26. Bxg6
Rxf3 27. Kd2 Nc4+ 28. Ke2 Rf6 29. Bf5 Kc5 30. b3 Nd6 31. Rf1 Kd4 32. Rf3 Nxf5
33. Rxf5 Rg6 34. Kf3 h3 35. c3+ Kxc3 36. Rxe5 Rg2 37. Ra5 a6 38. Ra4 Rxh2 39.
Kg3 Re2 40. Kxh3 Kd3 0-1

[Event "Bad Woerishofen op"]
[Site "?"]
[Date "2008.03.05"]
[Round "7"]
[White "Vrana, Frantisek"]
[Black "Einwiller, Dieter"]
[Result "0-1"]
[WhiteElo "2313"]
[BlackElo "2169"]
[PlyCount "102"]
[EventDate "2008.??.??"]
 
1. Nf3 Nf6 2. g3 d5 3. Bg2 Bg4 4. c4 c6 5. Ne5 Bh5 6. b3 Nbd7 7. Bb2 Nxe5 8.
Bxe5 Nd7 9. Bb2 dxc4 10. bxc4 Qb6 11. Qc2 e5 12. Nc3 Bg6 13. d3 Be7 14. Rb1 Qc7
15. h4 h6 16. Bc1 O-O 17. g4 h5 18. g5 Rad8 19. Be3 Bc5 20. Be4 Bxe3 21. fxe3
Nc5 22. Bxg6 fxg6 23. Rd1 Qf7 24. Rh2 Qe6 25. Na4 Qg4 26. Nxc5 Qg3+ 27. Kd2
Qxh2 28. Qb3 Rf2 29. Re1 Qxh4 30. Rc1 Qg4 31. Re1 b6 32. Na4 c5 33. Nc3 e4 34.
Nd5 exd3 35. Qxd3 Qe6 36. Kc2 Kh8 37. Rg1 b5 38. e4 Qa6 39. Kb1 bxc4 40. Qe3
Rb8+ 41. Ka1 Qb5 42. Qd2 Qe8 43. Nc3 Qe5 44. Re1 Rh2 45. Rb1 Rxb1+ 46. Kxb1 Qd4
47. Qf4 Rh3 48. Nd5 Qd1+ 49. Qc1 Qxe2 50. Nc3 Qd3+ 51. Kb2 Rh2+ 0-1

[Event "Bad Woerishofen op"]
[Site "?"]
[Date "2008.03.05"]
[Round "7"]
[White "Stoffel, Matthias"]
[Black "Loew, Gerald"]
[Result "0-1"]
[WhiteElo "2071"]
[BlackElo "2287"]
[PlyCount "62"]
[EventDate "2008.??.??"]
 
1. d4 d5 2. Nf3 Nc6 3. h3 Bf5 4. Bf4 e6 5. e3 Bd6 6. Be2 Nge7 7. Bxd6 cxd6 8.
O-O O-O 9. c4 Qb6 10. Qd2 dxc4 11. Bxc4 Rac8 12. Na3 Qb4 13. Rfc1 a6 14. Be2 b5
15. Rd1 h6 16. Rac1 Qxd2 17. Nxd2 Nb4 18. Bf3 Nxa2 19. Rxc8 Rxc8 20. Bb7 Rb8
21. Bxa6 Bd3 22. Nb3 Nb4 23. Nc1 Bc2 24. Nxc2 Nxc2 25. Nd3 Rb6 26. Rc1 Nxd4 27.
Ra1 Ndc6 28. e4 Kf8 29. f3 Ke8 30. Kf2 Kd8 31. Ke3 Nb8 0-1

[Event "Bad Woerishofen op"]
[Site "?"]
[Date "2008.03.05"]
[Round "7"]
[White "Keller, Manfred"]
[Black "Wiesbeck, Florian"]
[Result "1/2-1/2"]
[WhiteElo "2237"]
[BlackElo "1992"]
[PlyCount "39"]
[EventDate "2008.??.??"]
 
1. d4 d5 2. Nc3 Nf6 3. Bg5 Bf5 4. f3 c6 5. Qd2 Nbd7 6. O-O-O h6 7. Bxf6 Nxf6 8.
e4 dxe4 9. Qf4 Bg6 10. fxe4 e6 11. d5 exd5 12. exd5 Bd6 13. Qe3+ Qe7 14. Qxe7+
Kxe7 15. Re1+ Kd7 16. dxc6+ bxc6 17. Nf3 Rhe8 18. Bc4 Rxe1+ 19. Rxe1 Re8 20.
Rxe8 1/2-1/2

[Event "Bad Woerishofen op"]
[Site "?"]
[Date "2008.03.05"]
[Round "7"]
[White "Schulz, Michael"]
[Black "Ellmaier, Hans-Ludwig"]
[Result "1-0"]
[WhiteElo "2226"]
[BlackElo "1986"]
[PlyCount "53"]
[EventDate "2008.??.??"]
 
1. Nf3 Nf6 2. c4 c5 3. Nc3 Nc6 4. d4 cxd4 5. Nxd4 a6 6. e4 Nxd4 7. Qxd4 d6 8.
Be2 Bd7 9. O-O Bc6 10. Be3 e5 11. Qd3 Be7 12. a4 O-O 13. Rfd1 Nd7 14. b4 b6 15.
a5 bxa5 16. Rxa5 Qb8 17. Rb1 Qc7 18. Nd5 Bxd5 19. cxd5 Rfb8 20. Rxa6 Rxa6 21.
Qxa6 Qd8 22. Bb5 Nf6 23. f3 Ra8 24. Ba7 Qc7 25. Ra1 Bd8 26. Kh1 Qc3 27. Bc6 1-0

[Event "Bad Woerishofen op"]
[Site "?"]
[Date "2008.03.05"]
[Round "7"]
[White "Weidlich, Guenter"]
[Black "Naegele, Thomas"]
[Result "1/2-1/2"]
[WhiteElo "2145"]
[BlackElo "2220"]
[PlyCount "21"]
[EventDate "2008.??.??"]
 
1. Nf3 Nf6 2. d4 g6 3. c4 Bg7 4. Nc3 O-O 5. g3 d6 6. Bg2 c6 7. O-O Qa5 8. e4
Qh5 9. Ne1 Qxd1 10. Nxd1 e5 11. d5 1/2-1/2

[Event "Bad Woerishofen op"]
[Site "?"]
[Date "2008.03.05"]
[Round "7"]
[White "Joachim, Klaus"]
[Black "Lecheler, Rudolf"]
[Result "0-1"]
[WhiteElo "1868"]
[BlackElo "1964"]
[PlyCount "66"]
[EventDate "2008.??.??"]
 
1. e4 e6 2. d4 d5 3. Nc3 dxe4 4. Nxe4 Nd7 5. Nf3 Ngf6 6. Bd3 Nxe4 7. Bxe4 Nf6
8. Bd3 Be7 9. O-O O-O 10. b3 b6 11. Bb2 Bb7 12. c4 Qd6 13. h3 Rfd8 14. Re1 c5
15. Qe2 Bxf3 16. Qxf3 cxd4 17. Rad1 Kf8 18. Be4 Nxe4 19. Qxe4 Bf6 20. Qxh7 g6
21. Qh6+ Bg7 22. Qg5 Qc5 23. Qf4 Kg8 24. Qe4 Rac8 25. Rd3 e5 26. f4 f5 27. Qe2
e4 28. Red1 exd3 29. Qe6+ Kh7 30. Rxd3 Re8 31. Qf7 Qe7 32. Qd5 Rcd8 33. Qf3 Qe2
0-1

[Event "Bad Woerishofen op"]
[Site "?"]
[Date "2008.03.05"]
[Round "7"]
[White "Wissinger, Peter"]
[Black "Stuemer, Paul"]
[Result "0-1"]
[WhiteElo "2075"]
[BlackElo "2160"]
[PlyCount "46"]
[EventDate "2008.??.??"]
 
1. e4 c5 2. c3 g6 3. d4 cxd4 4. cxd4 d5 5. e5 Bg7 6. Nc3 Nc6 7. Nge2 f6 8. exf6
Nxf6 9. Ng3 O-O 10. Be2 Qb6 11. Be3 Qxb2 12. Rc1 e6 13. O-O Qa3 14. h4 Bd7 15.
h5 Rac8 16. hxg6 hxg6 17. Qd2 Kf7 18. Nb5 Qe7 19. Bf4 Ne8 20. Bd3 Rh8 21. Bg5
Bf6 22. f4 a6 23. Nc3 Bxd4+ 0-1

[Event "Bad Woerishofen op"]
[Site "?"]
[Date "2008.03.05"]
[Round "7"]
[White "Poppeler, Alois"]
[Black "Zoll, Detlef"]
[Result "1-0"]
[WhiteElo "2172"]
[BlackElo "2021"]
[PlyCount "78"]
[EventDate "2008.??.??"]
 
1. d4 Nf6 2. c4 c5 3. e3 g6 4. Nc3 Bg7 5. g3 O-O 6. Bg2 cxd4 7. exd4 d6 8. Nge2
Nc6 9. h3 a6 10. O-O Qc7 11. Bg5 e6 12. Qd2 Ne7 13. Rac1 Ne8 14. b3 f6 15. Be3
Nf5 16. Nf4 Qf7 17. d5 e5 18. Ne6 Nxe3 19. Qxe3 f5 20. Nxf8 Qxf8 21. Na4 f4 22.
Qf3 Nf6 23. g4 g5 24. Nb6 e4 25. Qd1 f3 26. Nxa8 Nxg4 27. Qd2 fxg2 28. Rfe1 Ne5
29. Qe3 Nf3+ 30. Kxg2 Bxh3+ 31. Kh1 Qf5 32. Qxe4 Nxe1 33. Qxf5 Bxf5 34. Rxe1
Be5 35. c5 Kf7 36. c6 bxc6 37. dxc6 Ke7 38. Nb6 Kd8 39. Nd5 Ke8 1-0

[Event "Bad Woerishofen op"]
[Site "?"]
[Date "2008.03.05"]
[Round "7"]
[White "Daeubler, Heinrich"]
[Black "Mittelbachert, Ulrich"]
[Result "1-0"]
[WhiteElo "2165"]
[BlackElo "2003"]
[PlyCount "49"]
[EventDate "2008.??.??"]
 
1. d4 d6 2. e4 g6 3. Nc3 c6 4. Nf3 Bg4 5. Be2 Bg7 6. Be3 d5 7. h3 Bxf3 8. Bxf3
e6 9. O-O Nd7 10. Qd2 Nb6 11. b3 Ne7 12. Bg5 f6 13. Bh6 O-O 14. Bxg7 Kxg7 15.
Rfe1 Re8 16. a4 dxe4 17. Nxe4 Nf5 18. a5 Nd5 19. Nc5 Qc8 20. c4 b6 21. Nxe6+
Rxe6 22. cxd5 Rd6 23. Rac1 Nh4 24. Re7+ Kf8 25. Rxh7 1-0

[Event "Bad Woerishofen op"]
[Site "?"]
[Date "2008.03.05"]
[Round "7"]
[White "Urban, Rudolf"]
[Black "Sydow, Hardy"]
[Result "1/2-1/2"]
[WhiteElo "1985"]
[BlackElo "2145"]
[PlyCount "59"]
[EventDate "2008.??.??"]
 
1. d4 Nf6 2. Nf3 g6 3. c4 Bg7 4. Nc3 d5 5. e3 O-O 6. h3 b6 7. Be2 Bb7 8. O-O e6
9. b3 Ne4 10. Bd2 Nxd2 11. Qxd2 Nd7 12. cxd5 exd5 13. Rac1 c6 14. Bd3 f5 15.
Qe2 a5 16. g3 Re8 17. Qc2 Nf8 18. Ne2 Qd6 19. Nf4 Rec8 20. Be2 Nd7 21. Rfd1 Rf8
22. Nd3 Rae8 23. Bf1 h6 24. Bg2 Bf6 25. Nf4 Bg7 26. h4 Qf6 27. h5 gxh5 28. Nxh5
Qf7 29. Nxg7 Qxg7 30. Nh4 1/2-1/2

[Event "Bad Woerishofen op"]
[Site "?"]
[Date "2008.03.05"]
[Round "7"]
[White "v.Wantoch, Rekowski"]
[Black "Rutz, Matthias"]
[Result "1-0"]
[WhiteElo "1942"]
[BlackElo "2128"]
[PlyCount "71"]
[EventDate "2008.??.??"]
 
1. d4 d5 2. Nf3 Nf6 3. e3 g6 4. c4 Bg7 5. b4 O-O 6. Nc3 a5 7. b5 c5 8. bxc6
Nxc6 9. Qb3 Bf5 10. Ba3 a4 11. Qxb7 Qa5 12. Rc1 Rab8 13. Qxc6 Rfc8 14. Qxa4
Qxa4 15. Nxa4 Ra8 16. Nb6 Rxa3 17. Nxc8 Bxc8 18. cxd5 Bf5 19. Bc4 Be4 20. O-O
Ra8 21. Rc3 Bh6 22. Rfc1 Kg7 23. a3 Nxd5 24. Bxd5 Bxd5 25. Ra1 f5 26. a4 Kf6
27. Ne5 Ke6 28. a5 Bg7 29. Nd3 g5 30. a6 h5 31. a7 f4 32. Nb2 Kf5 33. Nc4 Bxc4
34. Rxc4 fxe3 35. fxe3 Ke4 36. Rb4 1-0

[Event "Bad Woerishofen op"]
[Site "?"]
[Date "2008.03.05"]
[Round "7"]
[White "Klett, Thomas"]
[Black "Maugg, Ludwig"]
[Result "1/2-1/2"]
[WhiteElo "1952"]
[BlackElo "2061"]
[PlyCount "32"]
[EventDate "2008.??.??"]
 
1. c4 c5 2. g3 Nc6 3. Bg2 g6 4. Nc3 Bg7 5. Nf3 e5 6. d3 Nge7 7. a3 d6 8. O-O
O-O 9. Rb1 a5 10. Ne1 Be6 11. Nc2 d5 12. cxd5 Nxd5 13. Ne4 b6 14. Ng5 Bc8 15.
Ne3 Nxe3 16. Bxe3 Bb7 1/2-1/2

[Event "Bad Woerishofen op"]
[Site "?"]
[Date "2008.03.05"]
[Round "7"]
[White "Semmler, Guenter"]
[Black "Dornreiter, Michael"]
[Result "0-1"]
[WhiteElo "2042"]
[BlackElo "1857"]
[PlyCount "40"]
[EventDate "2008.??.??"]
 
1. Nf3 d5 2. d4 g6 3. g3 Bg7 4. Bg2 Nf6 5. O-O Nc6 6. h3 Bf5 7. a3 Qd7 8. Kh2
h5 9. Bf4 Ne4 10. c3 f6 11. h4 g5 12. hxg5 h4 13. g4 Bxg4 14. Nbd2 Qf5 15. Be3
Nxg5 16. Qb1 Qd7 17. Nxg5 Qd6+ 18. Kg1 fxg5 19. Nf3 h3 20. Bh1 h2+ 0-1

[Event "Bad Woerishofen op"]
[Site "?"]
[Date "2008.03.05"]
[Round "7"]
[White "Rothenhagen, Siegfr"]
[Black "Sakowski, Christian"]
[Result "1/2-1/2"]
[WhiteElo "1851"]
[BlackElo "1969"]
[PlyCount "27"]
[EventDate "2008.??.??"]
 
1. d4 Nf6 2. Nf3 e6 3. Bf4 b6 4. e3 Bb7 5. Bd3 d6 6. Nbd2 Nbd7 7. h3 Be7 8. O-O
O-O 9. e4 Re8 10. Qe2 Bf8 11. e5 Nd5 12. Bxh7+ Kh8 13. Qe4 Ba6 14. Ng5 1/2-1/2